[Event "no konan"]
[Site "SchemingMind.com"]
[Date "2008.03.03"]
[Round "-"]
[White "Schaakmaatje"]
[Black "MazetaFighter"]
[Result "0-1"]
[WhiteCountry "NED"]
[BlackCountry "GRE"]
[WhiteElo "1739"]
[WhiteRD "49"]
[BlackElo "2002"]
[BlackRD "69"]
[GameID "143720"]

1. e4 e5 2. Nf3 Nc6 3. Bc4 Bc5 4. O-O Nf6 5. d3 d6 6. c3 O-O 7. Bg5 h6 8. Be3 Bb6 9. Nbd2 Ne7 10. h3 Ng6
11. Re1 Re8 12. Qb3 Be6 13. a4 d5 14. exd5 Bxd5 15. Bxb6 axb6 16. Bxd5 Qxd5 17. Qc4 c6 18. b3 Rad8 19. Re3 Nf4 20. Rae1 Nxd3
21. Qxd5 Rxd5 22. c4 Nxe1 23. cxd5 Nxf3+ 24. Nxf3 Nxd5 25. Rxe5 Rxe5 26. Nxe5 Kf8 27. Kf1 Ke7 28. g3 Ke6 29. Nd3 Kd6 30. Ke2 f5
31. f4 g6 32. Ne5 Ne7 33. Nf7+ Kc5 34. Kd3 Kb4 35. Kc2 c5 36. Nxh6 c4
0-1

[Event "no konan"]
[Site "SchemingMind.com"]
[Date "2008.03.03"]
[Round "-"]
[White "MazetaFighter"]
[Black "Schaakmaatje"]
[Result "1-0"]
[WhiteCountry "GRE"]
[BlackCountry "NED"]
[WhiteElo "2002"]
[WhiteRD "69"]
[BlackElo "1739"]
[BlackRD "49"]
[GameID "143726"]

1. e4 e5 2. Nf3 Bc5 3. Bc4 Nc6 4. d3 Nf6 5. c3 O-O 6. Bg5 h6 7. Bh4 Be7 8. Bb3 d6 9. Bxf6 Bxf6 10. Nbd2 Be6
11. O-O Qd7 12. Re1 a5 13. Bxe6 fxe6 14. Nf1 Rf7 15. Ne3 Raf8 16. Qb3 b6 17. Rad1 Be7 18. d4 exd4 19. cxd4 Kh8 20. Qb5 e5
21. dxe5 Nxe5 22. Qxd7 Nxd7 23. Nd5 Nc5 24. Nxc7 Nb7 25. Nd5 Bf6 26. b3 Be5 27. Nxb6 Nc5 28. Nc4 Bc3 29. Re3
1-0

[Event "no konan"]
[Site "SchemingMind.com"]
[Date "2008.03.07"]
[Round "-"]
[White "mmccaffe"]
[Black "jtrochez1"]
[Result "0-1"]
[WhiteCountry "USA"]
[BlackCountry "HON"]
[WhiteElo "1614"]
[WhiteRD "52"]
[BlackElo "1488"]
[BlackRD "57"]
[GameID "144546"]

1. c4 g6 2. Nc3 Bg7 3. d4 Nf6 4. e4 c6 5. f3 O-O 6. Be3 b6 7. Bd3 d6 8. Nge2 Ba6 9. b3 Nbd7 10. Qd2 e5
11. d5 c5 12. h4 Re8 13. g4 Nf8 14. h5 Bc8 15. hxg6 fxg6 16. Bh6 Qc7 17. Ng3 Re7 18. O-O-O Bb7 19. g5 Ne8 20. Rdf1 Rf7
21. Rh2 Rd8 22. Bxg7 Rxg7 23. f4 exf4 24. Rxf4 Rf7 25. Rhf2 Rdd7 26. Nb5 Qb8 27. Rxf7 Rxf7 28. Rf4 Rxf4 29. Qxf4 a6 30. Nc3 Nd7
31. Nd1 Ne5 32. Nf2 Nxd3+ 33. Nxd3 b5 34. e5 bxc4 35. bxc4 dxe5 36. Qxe5 Qxe5 37. Nxe5 Nd6 38. Nd7 Nxc4 39. Nxc5 Bxd5 40. Nxa6 Ne5
41. Nb4 Bb7 42. a4 Nf3 43. a5 Nxg5 44. a6 Bg2 45. a7 Ne6 46. Na6 h5
0-1

[Event "no konan"]
[Site "SchemingMind.com"]
[Date "2008.03.07"]
[Round "-"]
[White "jtrochez1"]
[Black "mmccaffe"]
[Result "1/2-1/2"]
[WhiteCountry "HON"]
[BlackCountry "USA"]
[WhiteElo "1455"]
[WhiteRD "54"]
[BlackElo "1634"]
[BlackRD "50"]
[GameID "144554"]

1. e4 c5 2. Nf3 d6 3. d4 cxd4 4. Nxd4 Nf6 5. Nc3 a6 6. Be2 e6 7. Be3 Be7 8. O-O O-O 9. Bd3 Nc6 10. Nxc6 bxc6
11. h3 Qc7 12. Ne2 a5 13. a4 Ba6 14. Bxa6 Rxa6 15. Ng3 Rb8 16. b3 c5 17. f3 c4 18. Rc1 d5 19. Ne2 dxe4 20. f4 Rd6
21. Qe1 Nd5 22. Bf2 e3 23. Bg3 Rbd8 24. f5 exf5 25. Bxd6 Bxd6 26. Rd1 f4 27. Kh1 Nf6 28. Qh4 Ne4 29. Rxf4 Nf2+ 30. Rxf2 exf2
31. Qxf2 h6 32. Nd4 Bc5 33. Qh4 Rxd4 34. Rxd4 Bxd4 35. Qxd4 cxb3=
1/2-1/2

[Event "no konan"]
[Site "SchemingMind.com"]
[Date "2008.03.11"]
[Round "-"]
[White "Sjakkie"]
[Black "smothered mate"]
[Result "0-1"]
[WhiteCountry "NED"]
[BlackCountry "POL"]
[WhiteElo "1407"]
[WhiteRD "78"]
[BlackElo "1938"]
[BlackRD "52"]
[GameID "145113"]

1. e4 c5 2. Bc4 e6 3. d3 d5 4. Bb5+ Bd7 5. Nc3 d4 6. Bxd7+ Qxd7 7. Nce2 Nf6 8. Nf3 Nc6 9. a3 Bd6 10. h3 h6
11. O-O Bc7 12. Ng3 Qd6 13. Nf5 exf5 14. exf5 O-O-O 15. b4 cxb4 16. Qd2 Ne5 17. Nxe5 Qxe5 18. f4 Qxf5 19. g4 Nxg4 20. Rf3 Ne3
21. Qxb4 Qg6+
0-1

[Event "no konan"]
[Site "SchemingMind.com"]
[Date "2008.03.06"]
[Round "-"]
[White "smothered mate"]
[Black "Sjakkie"]
[Result "1-0"]
[WhiteCountry "POL"]
[BlackCountry "NED"]
[WhiteElo "1964"]
[WhiteRD "53"]
[BlackElo "1418"]
[BlackRD "79"]
[GameID "145121"]

1. e4 e5 2. Nf3 d6 3. Nc3 Nf6 4. Bc4 h6 5. d4 Nc6 6. dxe5 d5 7. exd5 Na5 8. Bb5+ Bd7 9. exf6 Qxf6 10. Qe2+ Be7
11. d6 Qxd6 12. Bf4 Qxf4 13. Bxd7+ Kxd7 14. Qxe7+ Kc8 15. Nd5 Qc4 16. O-O-O Qxa2 17. Qxc7#
1-0

[Event "no konan"]
[Site "SchemingMind.com"]
[Date "2008.03.15"]
[Round "-"]
[White "loco61"]
[Black "Joe Daudish"]
[Result "0-1"]
[WhiteCountry "ENG"]
[BlackCountry "USA"]
[WhiteElo "1583"]
[WhiteRD "63"]
[BlackElo "1780"]
[BlackRD "46"]
[GameID "146056"]

1. e4 e6 2. Nf3 d5 3. exd5 Qxd5 4. c4 Qd8 5. Nc3 Nf6 6. d4 Be7 7. Be3 O-O 8. Bd3 b6 9. h4 Bb7 10. Rg1 Nbd7
11. g4 c5 12. g5 Nh5 13. Nh2 g6 14. d5 exd5 15. cxd5 Bd6 16. Ng4 f5 17. Nh6+ Kg7 18. Qd2 Ne5 19. Be2 Qe7 20. O-O-O f4
21. Bxh5 fxe3 22. Qxe3 gxh5 23. Qe4 Qd7 24. f4 Ng6 25. f5 Rae8 26. f6+ Kh8 27. Qf3 Nxh4 28. Qxh5 Ng6 29. Rge1 Rxe1 30. Rxe1 b5
31. Rh1 b4 32. Nf5 Bf4+ 33. Kc2 Qxf5+ 34. Kb3 Bxd5+ 35. Nxd5 Qxd5+ 36. Ka4 Qf7 37. Qh3 Bxg5 38. Qf5 Qxa2+
0-1

[Event "no konan"]
[Site "SchemingMind.com"]
[Date "2008.03.16"]
[Round "-"]
[White "Joe Daudish"]
[Black "loco61"]
[Result "1/2-1/2"]
[WhiteCountry "USA"]
[BlackCountry "ENG"]
[WhiteElo "1780"]
[WhiteRD "46"]
[BlackElo "1583"]
[BlackRD "63"]
[GameID "146061"]

1. d4 d5 2. Nf3 Nc6 3. Bf4 Bf5 4. c3 Nf6 5. h3 e6 6. e3 a6 7. Bd3 Bxd3 8. Qxd3 Bd6 9. Bxd6 Qxd6 10. Nbd2 O-O
11. O-O b5 12. Rfe1 Ne7 13. a3 c5 14. Ne5 c4 15. Qc2 Nc6 16. Ndf3 Nd7 17. Nxd7 Qxd7 18. e4 Rae8 19. e5 f6 20. exf6 Rxf6
21. Ne5 Nxe5 22. Rxe5 Ref8 23. f3 Rg6 24. Kh2 Qe7 25. Qf2 Rf4 26. g3 Rf5=
1/2-1/2

[Event "no konan"]
[Site "SchemingMind.com"]
[Date "2008.03.24"]
[Round "-"]
[White "SLAINTIE MHATH"]
[Black "Ryan"]
[Result "0-1"]
[WhiteCountry "POL"]
[BlackCountry "NED"]
[WhiteElo "1655"]
[WhiteRD "50"]
[BlackElo "2009"]
[BlackRD "114"]
[GameID "147359"]

1. Nf3 d5 2. d4 c5 3. c3 e6 4. Bg5 Nf6 5. e3 Nbd7 6. Bb5 Be7 7. Ne5 O-O 8. Bd3 h6 9. Bh4 Qc7 10. f4 Re8
11. g4 Nxe5 12. dxe5 Nh7 13. Bxe7 Qxe7 14. h4 Bd7 15. g5 d4 16. gxh6 gxh6 17. Rg1+ Kh8 18. Qh5 Rg8 19. Rxg8+ Rxg8 20. Qxh6 Rg7
21. Nd2 Bc6 22. O-O-O dxc3 23. bxc3 f5 24. exf6 Qxf6 25. Qxf6 Nxf6 26. e4 Rg4 27. Bc4 Rxf4 28. Bxe6 Nxe4 29. Nxe4 Rxe4 30. Rd8+ Kg7
31. Rg8+ Kf6 32. h5 Rxe6 33. h6 Re7 34. Rh8 Kg6 35. Ra8 a6
0-1

[Event "no konan"]
[Site "SchemingMind.com"]
[Date "2008.03.24"]
[Round "-"]
[White "Ryan"]
[Black "SLAINTIE MHATH"]
[Result "1-0"]
[WhiteCountry "NED"]
[BlackCountry "POL"]
[WhiteElo "2009"]
[WhiteRD "114"]
[BlackElo "1655"]
[BlackRD "50"]
[GameID "147367"]

1. e4 e5 2. Nf3 Nf6 3. Nc3 Bb4 4. d3 d6 5. g3 Bg4 6. Bg2 d5 7. exd5 Nxd5 8. O-O c6 9. Qe1 f6 10. d4 O-O
11. Bd2 Re8 12. Nxd5 Bxd2 13. Qxd2 cxd5 14. dxe5 fxe5 15. c4 Bxf3 16. Bxf3 e4 17. Bg2 d4 18. Rfe1 e3 19. fxe3 Nc6 20. exd4 Rxe1+
21. Rxe1 Qxd4+ 22. Qxd4 Nxd4 23. Bxb7 Rb8 24. Bd5+ Kf8 25. b3 Rd8 26. Rf1+ Ke7 27. Rf7+ Kd6 28. Rxa7 Rf8 29. Rxg7 Nf3+ 30. Bxf3 Rxf3
31. Rxh7 Ke5 32. Kg2 Rd3 33. Rf7 Rd2+ 34. Rf2 Rd3 35. Rc2
1-0

[Event "no konan"]
[Site "SchemingMind.com"]
[Date "2008.04.07"]
[Round "-"]
[White "ibukuno"]
[Black "JOZIN Z BAZIN"]
[Result "1-0"]
[WhiteCountry "NGR"]
[BlackCountry "POL"]
[WhiteElo "1853"]
[WhiteRD "91"]
[BlackElo "1821"]
[BlackRD "77"]
[GameID "148729"]

1. e4 e5 2. Nf3 Nf6 3. Bc4 Nc6 4. Ng5 d5 5. exd5 Nxd5 6. d3 f6 7. Ne4 Bf5 8. Ng3 Bg6 9. c3 a6 10. Qf3 Nce7
11. Ne4 h6 12. Nc5 Rb8 13. Nd2 Qd6 14. Nce4 Bxe4 15. Nxe4 Qd7 16. Bd2 b5 17. Bb3 Qd6 18. Nxd6+ cxd6 19. Bxd5 h5 20. Bc6+ Nxc6
21. Qxc6+ Kd8 22. Be3 Be7 23. Bb6+ Rxb6 24. Qxb6+ Ke8 25. O-O-O Kf7 26. d4 f5 27. dxe5 dxe5 28. Rd7 Re8 29. Re1 e4 30. f3 Kf8
31. fxe4 fxe4 32. Rf1+ Bf6 33. Qd6+ Kg8 34. Qd5+ Kh8 35. Qxh5+ Kg8 36. Qxe8+ Kh7 37. Rxf6 e3 38. Qg6+ Kh8 39. Rd8#
1-0

[Event "no konan"]
[Site "SchemingMind.com"]
[Date "2008.04.07"]
[Round "-"]
[White "JOZIN Z BAZIN"]
[Black "ibukuno"]
[Result "1/2-1/2"]
[WhiteCountry "POL"]
[BlackCountry "NGR"]
[WhiteElo "1821"]
[WhiteRD "77"]
[BlackElo "1853"]
[BlackRD "91"]
[GameID "148736"]

1. Nf3 Nf6 2. g3 Nc6 3. Bg2 e5 4. d3 d5 5. Bg5 Be7 6. Nc3 O-O 7. O-O h6 8. Bxf6 Bxf6 9. e3 Bg4 10. h3 Bh5
11. g4 Bg6 12. Nd2 d4 13. Nce4 Be7 14. f4 dxe3 15. f5 exd2 16. fxg6 fxg6 17. Qxd2 Qd4+ 18. Rf2 Bh4 19. Rf1 Rf4 20. c3 Bxf2+
21. Rxf2 Qb6 22. Kh2 Raf8 23. Rxf4 exf4 24. Bf3 Ne5 25. Kg2 g5 26. b4 Rd8 27. Nc5 Nxf3 28. Kxf3 Re8 29. a4 Qc6+ 30. Ne4 Qxa4
31. Nc5 Qc6+ 32. Ne4 Qd5 33. c4 Qd4 34. c5 Qg1 35. Qa2+ Kh8 36. Qf7 Qe3+ 37. Kg2 Rd8 38. Qxc7 Qxd3 39. Nd6 Qg3+ 40. Kf1 Qxh3+
41. Ke1 Qc3+ 42. Kf1 Qf3+ 43. Ke1 Qe3+=
1/2-1/2

[Event "no konan"]
[Site "SchemingMind.com"]
[Date "2008.04.16"]
[Round "-"]
[White "Vaganian"]
[Black "Clive Everill"]
[Result "1-0"]
[WhiteCountry "INT"]
[BlackCountry "CZE"]
[WhiteElo "1805"]
[WhiteRD "111"]
[BlackElo "1669"]
[BlackRD "47"]
[GameID "150836"]

1. Nf3 d5 2. g3 Nc6 3. d4 Bg4 4. Bg2 Qd7 5. h3 Bh5 6. c3 O-O-O 7. b4 f6 8. b5 Nb8 9. a4 e5 10. dxe5 Bxf3
11. Bxf3 fxe5 12. Bg4 Qxg4 13. hxg4 Be7 14. g5 d4 15. e4 dxc3 16. Qg4+ Nd7 17. Nxc3 Bb4 18. Bb2 Kb8 19. O-O-O Kc8 20. Nd5 c6
21. bxc6 Bd6 22. cxd7+ Kb8 23. Qe6 Bc5 24. Qxe5+ Ka8 25. Nc7+
1-0

[Event "no konan"]
[Site "SchemingMind.com"]
[Date "2008.04.16"]
[Round "-"]
[White "Clive Everill"]
[Black "Vaganian"]
[Result "0-1"]
[WhiteCountry "CZE"]
[BlackCountry "INT"]
[WhiteElo "1669"]
[WhiteRD "47"]
[BlackElo "1805"]
[BlackRD "111"]
[GameID "150840"]

1. Nf3 d5 2. d4 Nf6 3. e3 e6 4. c4 Be7 5. Nc3 O-O 6. cxd5 exd5 7. Be2 Nbd7 8. O-O c6 9. Re1 Re8 10. Bd3 Bd6
11. e4 dxe4 12. Nxe4 Nxe4 13. Bxe4 Nf6 14. Bc2 h6 15. b3 Bg4 16. Be3 Bb4 17. Bd2 Bxf3 18. Rxe8+ Nxe8 19. gxf3 Qxd4 20. Bxb4 Qxb4
21. Qd3 Nf6 22. a3 Qa5 23. b4 Qg5+ 24. Kf1 Qd5 25. Qc3 Qh5 26. Kg1 Re8 27. Rd1 Qg5+ 28. Kf1 Qe5 29. Qxe5 Rxe5 30. Rd8+ Re8
31. Rd2 Kf8 32. Kg2 Ke7 33. Bb3 Ra8 34. Re2+ Kf8 35. Kg3 a5 36. bxa5 Rxa5 37. a4 Rc5 38. Rc2 Rxc2 39. Bxc2 Nd5 40. Kg4 Ke7
41. f4 b6 42. Kf5 g6+ 43. Ke5 f6+ 44. Kd4 Nxf4 45. f3 Ne6+ 46. Kc4 f5 47. h4 Kf6 48. Bd3 Ke5 49. Be2 Nd4 50. Bd1 f4
51. Kd3 h5 52. Kc4 b5+ 53. axb5 cxb5+ 54. Kd3 Nf5 55. Kc3 Nxh4 56. Kb4 Kd4 57. Kxb5 Ke3
0-1

[Event "no konan"]
[Site "SchemingMind.com"]
[Date "2008.05.12"]
[Round "-"]
[White "Ryan"]
[Black "AlekhineKid"]
[Result "0-1"]
[WhiteCountry "NED"]
[BlackCountry "USA"]
[WhiteElo "1985"]
[WhiteRD "111"]
[BlackElo "1979"]
[BlackRD "91"]
[GameID "154612"]

1. e4 e5 2. Nf3 Nc6 3. Bb5 Nf6 4. O-O Nxe4 5. d4 Nd6 6. Bxc6 dxc6 7. dxe5 Nf5 8. Qxd8+ Kxd8 9. Nc3 h6 10. h3 Ne7
11. Be3 Ng6 12. Rad1+ Ke8 13. a3 Be7 14. Rfe1 Bd7 15. Ne4 Bf5 16. Bc1 Rd8 17. Rxd8+ Kxd8 18. Nd4 Bd7 19. f4 c5 20. Nf3 Re8
21. g4 Bc6 22. Kf2 Nh4 23. Nfd2 Ng6 24. Ke3 f6 25. e6 f5 26. gxf5 Nh4 27. Kf2 Nxf5 28. Nf3 c4 29. b4 cxb3 30. cxb3 a5
31. Bb2 Bd5 32. Rd1 c6 33. Nc3 Bc5+ 34. Ke1 Rxe6+ 35. Ne5 Ne3 36. Rd2 Ng2+ 37. Kd1 Nxf4 38. Nc4 g5 39. Nxd5 cxd5 40. Nxa5 Kc7
41. b4 Be3 42. Rc2+ Kb6 43. Rh2 Bg1 44. Rh1 Re2 45. Bg7 Be3 46. Rf1 Rd2+
0-1

[Event "no konan"]
[Site "SchemingMind.com"]
[Date "2008.05.12"]
[Round "-"]
[White "AlekhineKid"]
[Black "Ryan"]
[Result "0-1"]
[WhiteCountry "USA"]
[BlackCountry "NED"]
[WhiteElo "1979"]
[WhiteRD "91"]
[BlackElo "1985"]
[BlackRD "111"]
[GameID "154618"]

1. e4 c5 2. Nf3 d6 3. d4 cxd4 4. Nxd4 Nf6 5. Nc3 a6 6. Be2 e6 7. O-O Be7 8. Be3 O-O 9. f4 Qc7 10. Qe1 b5
11. Bf3 Bb7 12. e5 dxe5 13. fxe5 Nfd7 14. Bxb7 Qxb7 15. Qg3 Bc5 16. Rad1 Nc6 17. Bh6= g6 18. Bxf8 Bxd4+ 19. Rxd4 Nxd4 20. Bd6 Nf5
21. Qf2 f6 22. Qe1 Qb6+ 23. Kh1 Rc8 24. Qe4 fxe5 25. Bxe5 b4 26. Nd1 Qb5 27. Re1 Qxe5 28. Qxe5 Nxe5 29. Rxe5 Rxc2 30. Kg1 Rc1
31. Re1 Ne3 32. Rxe3 Rxd1+ 33. Kf2 Rd2+ 34. Re2 Rxe2+ 35. Kxe2 Kf7 36. Kd3 e5 37. Kc4 a5
0-1

[Event "no konan"]
[Site "SchemingMind.com"]
[Date "2008.05.30"]
[Round "-"]
[White "Joe Daudish"]
[Black "ibukuno"]
[Result "1-0"]
[WhiteCountry "USA"]
[BlackCountry "NGR"]
[WhiteElo "1748"]
[WhiteRD "44"]
[BlackElo "1824"]
[BlackRD "81"]
[GameID "156893"]

1. d4 d5 2. Nf3 Nf6 3. Bf4 Bg4 4. h3 Bxf3 5. exf3 e6 6. Bd3 Bd6 7. Bxd6 Qxd6 8. c3 Nbd7 9. O-O O-O 10. Nd2 c5
11. dxc5 Nxc5 12. Bc2 Rfd8 13. Nb3 Ncd7 14. Re1 Nf8 15. Nd4 a6 16. Qd3 Ng6 17. Qd2 Ne5 18. g3 Nc4 19. Qc1 Nh5 20. Kg2 Nf6
21. b3 Ne5 22. Qd2 Ng6 23. f4 Nh5 24. Bxg6 hxg6 25. Re3 Re8 26. Nf3 f6 27. c4 Rad8 28. cxd5 exd5 29. Rd1 Kf7 30. Rd3 Qe6
31. Rxd5 Rxd5 32. Qxd5 Qxd5 33. Rxd5 Re2 34. Rd7+ Ke8 35. Rxb7 Rxa2 36. Nh4 g5 37. fxg5 fxg5 38. Nf3 g4 39. hxg4 Nf6 40. Rxg7 Ne4
41. Nd4 Nxf2 42. Kf3 Nd3 43. Ra7 Ne5+ 44. Kf4 Nd3+ 45. Kf5 Ra5+ 46. Kf6 Rd5 47. Nf5 Rb5 48. Nd6+
1-0

[Event "no konan"]
[Site "SchemingMind.com"]
[Date "2008.05.30"]
[Round "-"]
[White "ibukuno"]
[Black "Joe Daudish"]
[Result "1/2-1/2"]
[WhiteCountry "NGR"]
[BlackCountry "USA"]
[WhiteElo "1824"]
[WhiteRD "81"]
[BlackElo "1748"]
[BlackRD "44"]
[GameID "156901"]

1. e4 e6 2. d4 d5 3. exd5 Qxd5 4. Nf3 Nf6 5. c4 Qd8 6. Bd3 c5 7. Be3 cxd4 8. Bxd4 Be7 9. Nc3 Nc6 10. Be3 O-O
11. O-O b6 12. Qc2 h6 13. Rad1 Qc7 14. Nb5 Qb7 15. Rfe1 a6 16. Nbd4 Qc7 17. Nxc6 Qxc6 18. Bd4 Bb7 19. Bxf6 Bxf6 20. Be4 Qc7
21. b3 Bxe4 22. Rxe4 Rfd8 23. Rg4 Rxd1+ 24. Qxd1 Rd8 25. Qc1 Kh8 26. h3 Rd3 27. Re4 Qd6 28. Qc2 Rd1+ 29. Re1 Rxe1+ 30. Nxe1 a5
31. Nf3 g6 32. Nd2 Kg7 33. Ne4 Qe5 34. a4 Be7 35. Qd3 f5 36. Ng3 Kf6 37. Qd2 Bd6 38. Qxh6 Qe1+ 39. Nf1 Bc5 40. Qh4+ Kg7
41. Qf4 Kf6 42. Qd2 Qxd2 43. Nxd2 e5 44. Kf1 e4 45. Ke2 Ke5 46. f3 e3 47. Nb1 Kd4 48. g3 Bd6 49. g4 f4 50. h4 Be7
51. h5 gxh5 52. gxh5 Bg5 53. Na3 Kc3 54. Nb5+ Kxb3 55. Kd3 Kxa4 56. Nc7 Kb4 57. Nd5+ Kc5 58. Nc3 Bh6= 59. Na4+ Kc6 60. Nc3=
1/2-1/2

[Event "no konan"]
[Site "SchemingMind.com"]
[Date "2008.07.13"]
[Round "-"]
[White "MazetaFighter"]
[Black "jtrochez1"]
[Result "1-0"]
[WhiteCountry "GRE"]
[BlackCountry "HON"]
[WhiteElo "2039"]
[WhiteRD "78"]
[BlackElo "1538"]
[BlackRD "61"]
[GameID "163234"]

1. e4 e5 2. Nf3 d6 3. d4 Nc6 4. Bc4 h6 5. dxe5 Bg4 6. exd6 Qxd6 7. Qxd6 cxd6 8. Be3 Bxf3 9. gxf3 Ne5 10. Be2 Nf6
11. Nc3 a6 12. O-O-O Be7 13. Kb1 b5 14. Rhg1 Ng6 15. f4 Bf8 16. f3 Rg8 17. f5 Ne5 18. Nd5 Nxd5 19. Rxd5 f6 20. f4 Nc4
21. Bxc4 bxc4 22. e5 Be7 23. exd6 Rd8 24. Rgd1 Bf8 25. d7+ Kf7 26. Bb6 Be7 27. Bxd8 Bxd8 28. Rc5 g5 29. Rxc4 Bb6 30. Rc8 h5
31. Rxg8 Kxg8 32. d8=Q+ Bxd8 33. Rxd8+ Kf7 34. fxg5 fxg5 35. c4 h4 36. c5 Ke7 37. Rd3 Kf6 38. c6
1-0

[Event "no konan"]
[Site "SchemingMind.com"]
[Date "2008.07.13"]
[Round "-"]
[White "jtrochez1"]
[Black "MazetaFighter"]
[Result "0-1"]
[WhiteCountry "HON"]
[BlackCountry "GRE"]
[WhiteElo "1538"]
[WhiteRD "61"]
[BlackElo "2039"]
[BlackRD "78"]
[GameID "163240"]

1. e4 e5 2. Bc4 Nf6 3. d3 c6 4. h3 d5 5. exd5 cxd5 6. Bb5+ Bd7 7. Bxd7+ Nbxd7 8. c3 Bc5 9. Bg5 Qb6 10. Qc2 Rc8
11. Bh4 O-O 12. Nf3 e4 13. Nfd2 exd3 14. Qxd3 Qxb2 15. Nb3 Rfe8+ 16. Kf1 Bb6 17. Qd2 Qxd2 18. N1xd2 Rxc3 19. Rc1 Rxc1+ 20. Nxc1 Ne4
21. Nxe4 Rxe4 22. Bg3 Ba5 23. f3 Rc4 24. Ke2 Rc2+ 25. Kd3 Rxg2 26. Be1 Bb6 27. a4 Ne5+ 28. Kc3 d4+ 29. Kb3 d3 30. f4 d2
31. Bxd2 Rxd2 32. fxe5 Rd5 33. Re1 Kf8 34. e6 f6 35. h4 Ke7 36. h5 Rxh5 37. Ne2 Re5 38. Kc4 Rxe6 39. Kd3 h5
0-1

[Event "no konan"]
[Site "SchemingMind.com"]
[Date "2008.08.24"]
[Round "-"]
[White "Ryan"]
[Black "smothered mate"]
[Result "1-0"]
[WhiteCountry "NED"]
[BlackCountry "POL"]
[WhiteElo "2039"]
[WhiteRD "108"]
[BlackElo "1886"]
[BlackRD "52"]
[GameID "168212"]

1. e4 c5 2. Nc3 a6 3. f4 e6 4. Nf3 d5 5. d3 Nc6 6. g3 h5 7. Bg2 Nh6 8. exd5 exd5 9. O-O Be7 10. Re1 Kf8
11. Ne5 Bg4 12. Nxg4 hxg4 13. Nxd5 Bd6 14. Be3 Nf5 15. Qxg4 Nxe3 16. Nxe3 Nd4 17. Bxb7 Rb8 18. Bxa6 Rxb2 19. c3 Ne6 20. Bc4 Qf6
21. Bxe6 fxe6 22. Nc4 Rhxh2 23. Nxb2 Qh6 24. Nc4
1-0

[Event "no konan"]
[Site "SchemingMind.com"]
[Date "2008.08.24"]
[Round "-"]
[White "smothered mate"]
[Black "Ryan"]
[Result "0-1"]
[WhiteCountry "POL"]
[BlackCountry "NED"]
[WhiteElo "1931"]
[WhiteRD "51"]
[BlackElo "2007"]
[BlackRD "110"]
[GameID "168219"]

1. d4 Nf6 2. c4 g6 3. Nc3 d5 4. cxd5 Nxd5 5. Nf3 Bg7 6. e3 Nxc3 7. bxc3 c5 8. Bc4 O-O 9. O-O Qc7 10. Bb3 Nc6
11. Ba3 b6 12. dxc5 bxc5 13. Bxc5 Ba6 14. Re1 Bxc3 15. Rc1 Bxe1 16. Qxe1 Bb7 17. Ng5 h6 18. Nf3 Ne5 19. Nd4 Nd3 20. Qd2 Nxc1
21. Qxc1 Rac8 22. Ne6 fxe6 23. Bxe6+ Kh7
0-1

[Event "no konan"]
[Site "SchemingMind.com"]
[Date "2008.09.21"]
[Round "-"]
[White "MazetaFighter"]
[Black "Joe Daudish"]
[Result "1-0"]
[WhiteCountry "GRE"]
[BlackCountry "USA"]
[WhiteElo "2038"]
[WhiteRD "74"]
[BlackElo "1728"]
[BlackRD "43"]
[GameID "172003"]

1. e4 e6 2. d4 d5 3. Nd2 Ne7 4. Ngf3 Ng6 5. h4 dxe4 6. Nxe4 Be7 7. h5 Nf8 8. Bf4 Nfd7 9. Bc4 Nf6 10. Nxf6+ Bxf6
11. c3 c6 12. Qe2 Nd7 13. O-O-O Nb6 14. Bb3 h6 15. Kb1 Nd5 16. Bd2 a5 17. c4 Nb6 18. Rhe1 O-O 19. Bf4 a4 20. Bc2 Re8
21. Qd3 Kf8 22. c5 Nd5 23. Bd6+ Re7 24. Qh7 Ke8 25. Qg8+ Kd7 26. Qxd8+ Kxd8 27. Bxe7+ Nxe7 28. Ne5 Ke8 29. g3 Bd7 30. a3 Bxe5
31. dxe5 Nd5 32. Rd4 b5 33. cxb6 Nxb6 34. Red1 c5 35. Rd6 Nd5 36. Be4 Ra7 37. Bxd5 exd5 38. R6xd5 Be6 39. Rxc5 Bb3 40. Rdc1 Rd7
41. Rc8+ Rd8 42. Rxd8+ Kxd8 43. Rc3 Be6 44. Kc2 Ke7 45. Rc7+ Kd8 46. Ra7 Bd7 47. Rxd7+ Kxd7 48. Kc3 Ke6 49. f4 f6 50. exf6 Kxf6
51. Kb4 g5 52. hxg6 Kxg6 53. Kxa4 h5 54. b4 Kf5 55. b5 Kg4 56. b6 Kxg3 57. b7 h4 58. b8=Q h3 59. f5+ Kg2 60. f6 h2
61. Qxh2+ Kxh2 62. f7 Kh1 63. f8=Q Kg2 64. Kb4 Kg3 65. Kc4 Kg4 66. Kd4 Kg5 67. Ke5 Kg6 68. Qg8+ Kh5 69. Kf5 Kh4 70. Qg4#
1-0

[Event "no konan"]
[Site "SchemingMind.com"]
[Date "2008.09.21"]
[Round "-"]
[White "Joe Daudish"]
[Black "MazetaFighter"]
[Result "1/2-1/2"]
[WhiteCountry "USA"]
[BlackCountry "GRE"]
[WhiteElo "1746"]
[WhiteRD "43"]
[BlackElo "2069"]
[BlackRD "70"]
[GameID "172012"]

1. d4 d5 2. Nf3 Bf5 3. Bf4 e6 4. e3 Bd6 5. Bxd6 Qxd6 6. c3 Nd7 7. Bd3 Ne7 8. Bxf5 Nxf5 9. Nbd2 O-O 10. O-O c5
11. Re1 cxd4 12. exd4 Qf4 13. Ne5 Nxe5 14. Rxe5 Rfc8 15. Qe2 Rc6 16. g3 Qh6 17. Re1 Rac8 18. Nf1 Qf6 19. Ne3 Nxe3 20. Qxe3 b5
21. a3 a5 22. Qd2 b4 23. axb4 axb4 24. R5e3 h5 25. h4 g6 26. Ra1 bxc3 27. bxc3 Qe7 28. Rf3 Qc7 29. Ra3 Rb6 30. Qa2 Rcb8
31. Ra7 R6b7 32. Rxb7 Qxb7 33. Re3 Qb1+ 34. Qxb1 Rxb1+ 35. Kg2 Rc1 36. f4 Kf8 37. Kf2 Ke7 38. Ke2 Kd6 39. Kd2 Ra1 40. Kd3 f6
41. Re2 Rg1 42. Re3 Ra1 43. Re2 Rd1+ 44. Ke3 Rg1 45. Kf2 Rc1 46. Re3 Rc2+ 47. Kf3 f5 48. Rd3 Kc6 49. Re3 Kd7=
1/2-1/2

[Event "no konan"]
[Site "SchemingMind.com"]
[Date "2008.12.16"]
[Round "-"]
[White "Ryan"]
[Black "MazetaFighter"]
[Result "1-0"]
[WhiteCountry "NED"]
[BlackCountry "GRE"]
[WhiteElo "2048"]
[WhiteRD "102"]
[BlackElo "2012"]
[BlackRD "79"]
[GameID "183486"]

1. e4 e5 2. Nf3 Nc6 3. Bc4 Bc5 4. c3 Nf6 5. d3 d6 6. b4 Bb6 7. a4 a5 8. b5 Ne7 9. O-O O-O 10. Bg5 Ng6
11. Nbd2 h6 12. Be3 Bxe3 13. fxe3 Ng4 14. Qe2 c6 15. d4 d5 16. Bd3 exd4 17. cxd4 dxe4= 18. Nxe4 Qe7 19. bxc6 bxc6 20. Rae1 Re8
21. h3 f5 22. Bc4+ Kh8 23. Nc5 Nxe3 24. Ne5 Nxe5 25. Qxe3 Ng6 26. Qg3 Qd8 27. Rxe8+ Qxe8 28. Re1 Qd8 29. Qxg6 Qxd4+ 30. Kh1
1-0

[Event "no konan"]
[Site "SchemingMind.com"]
[Date "2008.12.16"]
[Round "-"]
[White "MazetaFighter"]
[Black "Ryan"]
[Result "1/2-1/2"]
[WhiteCountry "GRE"]
[BlackCountry "NED"]
[WhiteElo "2036"]
[WhiteRD "81"]
[BlackElo "2040"]
[BlackRD "106"]
[GameID "183490"]

1. e4 e5 2. d4 exd4 3. Qxd4 Nc6 4. Qe3 Nf6 5. Nc3 Bb4 6. Bd2 O-O 7. O-O-O Re8 8. Bc4 d6 9. f3 Na5 10. Bd3 d5
11. Nge2 c5 12. Qg5 d4 13. Nb1=
1/2-1/2